[Event "POLFINALY MISTRZOSTW POLSKI JUNIOROW 2021 D-15"]
[Site "Jatrzebia Gora"]
[Date "1899-12-30"]
[Round "1.2"]
[White "Wiecek, Karolina"]
[Black "Bialek, Alicja"]
[Result "0-1"]
[WhiteTitle "I"]
[BlackTitle "I"]
[WhiteElo "1203"]
[BlackElo "1350"]

1. d4 d5 2. c4 e6 3. Nc3 h6 4. Bf4 Nf6 5. e3 Bd6 6. Bxd6 Qxd6 7. Bd3 O-O 8. Nge2
dxc4 9. Bxc4 Qc6 10. Qd3 Qxg2 11. O-O-O a6 12. Rdf1 b5 13. Bb3 Rd8 14. Nf4 Qc6
15. Kb1 b4 16. Ba4 Qb6 17. Nce2 Bb7 18. f3 e5 19. Ng2 e4 20. Qd2 exf3 21. Nef4
Ne4 0-1

[Event "POLFINALY MISTRZOSTW POLSKI JUNIOROW 2021 D-15"]
[Site "Jatrzebia Gora"]
[Date "1899-12-30"]
[Round "1.3"]
[White "Romejko, Jagoda"]
[Black "Grembocka, Zuzanna"]
[Result "0-1"]
[WhiteTitle "I"]
[BlackTitle "II+"]
[WhiteElo "1341"]
[BlackElo "1186"]

1. e4 e6 2. d4 d5 3. exd5 exd5 4. Nf3 Nf6 5. Bg5 Be7 6. Bd3 Bg4 7. O-O O-O 8. c3
h6 9. Bh4 Nbd7 10. Nbd2 c5 11. dxc5 Nxc5 12. Bc2 Re8 13. Re1 Rc8 14. Nb3 Nce4
15. Nbd4 Qb6 16. Bb3 g5 17. Bg3 Bc5 18. Qd3 h5 19. h4 Bxf3 20. gxf3 Nxg3 21. fxg3
Qd6 22. Kg2 gxh4 23. gxh4 Kh8 24. Rg1 Qf4 25. Nf5 Rg8+ 26. Kh1 Bxg1 27. Rxg1 Rxg1+
28. Kxg1 Rg8+ 29. Kf2 Ne4+ 30. Ke1 Qxf5 31. fxe4 Rg1+ 32. Ke2 Qf1+ 33. Kd2 Rg2+
34. Qe2 Qxe2+ 35. Kc1 Rg1+ 36. Bd1 Rxd1# 0-1

[Event "POLFINALY MISTRZOSTW POLSKI JUNIOROW 2021 D-15"]
[Site "Jatrzebia Gora"]
[Date "1899-12-30"]
[Round "1.4"]
[White "Pieczewska, Jadwiga"]
[Black "Olszewska, Wiktoria"]
[Result "1-0"]
[WhiteTitle "II+"]
[BlackTitle "I"]
[WhiteElo "1185"]
[BlackElo "1334"]

1. c4 e5 2. Nc3 Nf6 3. Nf3 Ng8 4. Ng1 Nf6 5. Nf3 e4 6. Ng5 c6 7. Ngxe4 Nxe4 8.
Nxe4 d5 9. cxd5 cxd5 10. Nc3 Nc6 11. d4 Bf5 12. a3 Be7 13. g3 Qd7 14. Bg2 Rd8
15. O-O Be6 16. Bf4 a6 17. Rc1 O-O 18. Na4 Bd6 19. Nc5 Qc7 20. Be3 Qe7 21. b4
Rc8 22. Qb3 Bxc5 23. Rxc5 b6 24. Rc3 Qd7 25. Rfc1 b5 26. Rc5 Rfd8 27. a4 bxa4
28. Qxa4 Nb8 29. Qxd7 Bxd7 30. Bxd5 Rxc5 31. Rxc5 Bb5 32. Bc4 Bxc4 33. Rxc4 Nd7
34. Rc6 Ra8 35. d5 Ne5 36. Rc7 h6 37. d6 Rd8 38. Bc5 Nc4 39. d7 Kh7 40. Be7 Rb8
41. Rc8 Rxc8 42. dxc8=Q 1-0

[Event "POLFINALY MISTRZOSTW POLSKI JUNIOROW 2021 D-15"]
[Site "Jatrzebia Gora"]
[Date "1899-12-30"]
[Round "1.6"]
[White "Jureczko, Anna"]
[Black "Biniak, Zuzanna"]
[Result "1-0"]
[WhiteTitle "II+"]
[BlackTitle "I"]
[WhiteElo "1162"]
[BlackElo "1313"]

1. e4 c5 2. c3 d6 3. d4 cxd4 4. cxd4 Nf6 5. Nc3 g6 6. Nf3 Bg7 7. Bb5+ Bd7 8. Bxd7+
Nfxd7 9. Be3 Nc6 10. Qd2 h5 11. O-O a6 12. h3 Rc8 13. Rac1 Na5 14. Qe2 Nc4 15.
Nd5 Nxe3 16. Nxe3 O-O 17. Qd2 Rc6 18. Nd5 Nf6 19. Nxf6+ Bxf6 20. Rxc6 bxc6 21.
Rc1 Qb6 22. b3 Bg7 23. d5 c5 24. Qg5 Qa7 25. Qd2 Rb8 26. Rc4 a5 27. Qc1 Rb6 28.
Qa3 Ra6 29. Qa4 Qa8 30. Qd7 Ra7 31. Qa4 Bf8 32. Ng5 Bg7 33. Nf3 Rb7 34. Qc6 Rb8
35. Qd7 Qb7 36. Qa4 Qb5 37. Qa3 Bh6 38. Qa4 e6 39. Qxb5 Rxb5 40. Ne1 Rb4 41. Rxb4
axb4 42. dxe6 fxe6 43. Nd3 Bf8 44. f3 Kf7 45. Kf2 Bg7 46. Ke2 Bd4 47. Kd2 Kf6
48. Ke2 g5 49. Kf1 d5 50. exd5 exd5 51. g4 h4 52. Ke2 Ke6 53. Kf1 Bc3 54. Nxc5+
Ke5 55. Nd3+ Kd6 56. f4 gxf4 57. Nxf4 Bf6 58. Nd3 Bc3 59. Kf2 Ke6 60. Kf3 Kf6
61. Nf4 d4 62. Ke4 Ba1 63. Nd5+ Kg5 64. Nxb4 Bc3 65. Nd5 Bb2 66. a4 1-0

[Event "POLFINALY MISTRZOSTW POLSKI JUNIOROW 2021 D-15"]
[Site "Jatrzebia Gora"]
[Date "1899-12-30"]
[Round "1.7"]
[White "Zalewska, Malgorzata"]
[Black "Reszka, Barbara"]
[Result "0-1"]
[WhiteTitle "I"]
[BlackTitle "II+"]
[WhiteElo "1296"]
[BlackElo "1094"]

1. e4 c5 2. Nf3 a6 3. d4 cxd4 4. Nxd4 Nf6 5. Nc3 e5 6. Nf3 Bb4 7. Bg5 d6 8. Bd3
Bxc3+ 9. bxc3 O-O 10. O-O Be6 11. Qe2 Nbd7 12. Bc4 Bxc4 13. Qxc4 Rc8 14. Qb4 Nc5
15. Rfe1 h6 16. Bh4 g5 17. Bg3 a5 18. Qa3 Ncxe4 19. Re3 Qc7 20. Rae1 Nxc3 21.
Nxe5 Nfd5 22. Nf3 Nxe3 23. Bxd6 Qc6 24. Rxe3 Nb5 25. Qd3 Nxd6 26. Re6 Rfd8 27.
Rxh6 Qe4 28. Qd2 Qf4 29. Qxa5 Nc4 30. Qc3 Rd1+ 31. Ne1 Qe5 32. Qb3 Rxe1# 0-1

[Event "POLFINALY MISTRZOSTW POLSKI JUNIOROW 2021 D-15"]
[Site "Jatrzebia Gora"]
[Date "1899-12-30"]
[Round "1.8"]
[White "Markowska, Kalina"]
[Black "Kaznowska, Kinga"]
[Result "0-1"]
[WhiteTitle "II"]
[BlackTitle "I"]
[WhiteElo "1028"]
[BlackElo "1251"]

1. e4 e5 2. Nf3 Nc6 3. Bc4 Nf6 4. Ng5 d5 5. exd5 Na5 6. Bb5+ Bd7 7. Qe2 Qe7 8.
Nc3 a6 9. Bxd7+ Nxd7 10. d3 O-O-O 11. a3 h6 12. Nf3 b6 13. b4 Nb7 14. O-O Qf6
15. Ne4 Qg6 16. Nh4 Qh7 17. c4 g5 18. Nf3 Bg7 19. Bd2 f5 20. Nc3 e4 21. dxe4 fxe4
22. Ne1 Rde8 23. Rc1 Rhf8 24. Be3 Qh8 25. Na2 Bd4 26. Bxd4 Qxd4 27. Rd1 Qe5 28.
Rc1 h5 29. Rc3 g4 30. Nc2 Nd6 31. a4 Nb8 32. Rd1 Nf7 33. c5 bxc5 34. bxc5 Rd8
35. Ne3 Kd7 36. Nc4 Qf4 37. d6 Ng5 38. dxc7+ Kxc7 39. Rxd8 Rxd8 40. Nd6 Rg8 41.
g3 Qe5 42. Rc4 Nf3+ 43. Kg2 Qa1 44. Rc1 Qe5 45. Qxe4 Qxe4 46. Nxe4 Re8 47. Nd6
Re5 48. Nb4 Ng5 49. Kf1 a5 50. Nd3 Re7 51. Nf4 Rh7 52. Nd5+ Kc6 53. Nf4 Nd7 54.
Nd3 Re7 55. Nf5 Rf7 56. Nd4+ Kd5 57. Nb5 Kc6 58. Rc4 Ne6 59. Re4 Nexc5 60. Ne5+
Nxe5 61. Rxe5 Rxf2+ 62. Kxf2 Nd3+ 63. Ke3 Nxe5 64. Nd4+ Kc5 65. Ke4 Nc4 66. Nc2
Nd2+ 67. Ke3 Nf1+ 68. Kf2 Nxh2 69. Ne1 Kb4 70. Kg2 Nf3 71. Nxf3 gxf3+ 72. Kxf3
Kxa4 73. Ke3 Kb3 0-1

[Event "POLFINALY MISTRZOSTW POLSKI JUNIOROW 2021 D-15"]
[Site "Jatrzebia Gora"]
[Date "1899-12-30"]
[Round "2.1"]
[White "Grembocka, Zuzanna"]
[Black "Kicinska, Magdalena"]
[Result "0-1"]
[WhiteTitle "II+"]
[BlackTitle "I+"]
[WhiteElo "1186"]
[BlackElo "1362"]

1. d4 d5 2. c4 e6 3. Nc3 Nf6 4. Nf3 Nbd7 5. Bg5 Be7 6. e3 c6 7. Qc2 O-O 8. Bd3
dxc4 9. Bxc4 Nd5 10. Bxe7 Qxe7 11. O-O N7f6 12. Qd2 Rd8 13. Rad1 Nxc3 14. bxc3
c5 15. Rfe1 b6 16. e4 Bb7 17. d5 exd5 18. exd5 Qd6 19. Re5 a6 20. Qg5 b5 21. Nh4
bxc4 22. Nf5 Qf8 23. d6 Kh8 24. h4 Ne4 25. Qe7 Qxe7 26. Rxe7 Bc6 27. Rc7 Rac8
28. Rxf7 Rf8 29. d7 Bxd7 30. Rdxd7 Rxf7 31. Rxf7 Nxc3 32. Ne3 Kg8 33. Ra7 Nxa2
34. Nxc4 Nb4 35. Kf1 Re8 36. Nd6 Rd8 37. Nf5 g6 38. Rc7 Re8 39. Nd6 Re6 40. Nc4
Rc6 41. Rd7 Rf6 42. g3 Rf7 43. Rd6 Kg7 44. f4 Ra7 45. Ke2 a5 46. Kd2 a4 47. Na3
Kf7 48. Kc3 Ke7 49. Rd2 Ke6 50. g4 Nd5+ 51. Kc4 Nxf4 52. Kxc5 Rd7 53. Rxd7 Kxd7
54. Kb4 Nd5+ 55. Kxa4 Ne3 56. Nb1 Nxg4 57. Nd2 Ke6 58. Kb3 Kf5 59. Kc3 Nf6 60.
Kd3 Kg4 61. Ke3 Kxh4 62. Nf3+ Kg4 63. Ne5+ Kf5 64. Nf7 g5 65. Kf3 g4+ 66. Kg3
h5 67. Kh4 Kf4 68. Ng5 Ne4 69. Ne6+ Kf3 70. Nd4+ Kf2 71. Nf5 g3 72. Nxg3 Nxg3
73. Kh3 Kf3 74. Kh4 Kg2 75. Kg5 Kh3 76. Kf4 h4 77. Kf3 Nh5 78. Kf2 Kg4 79. Kg2
Nf6 80. Kh2 h3 81. Kg1 Kg3 82. Kh1 Ne4 0-1

[Event "POLFINALY MISTRZOSTW POLSKI JUNIOROW 2021 D-15"]
[Site "Jatrzebia Gora"]
[Date "1899-12-30"]
[Round "2.2"]
[White "Bialek, Alicja"]
[Black "Walendykiewicz, Martyna"]
[Result "1-0"]
[WhiteTitle "I"]
[BlackTitle "I"]
[WhiteElo "1350"]
[BlackElo "1209"]

1. e4 e5 2. Nc3 Nf6 3. g3 Bc5 4. Bg2 d6 5. Na4 Bb6 6. Nxb6 axb6 7. Ne2 Nc6 8. d4
h6 9. O-O Bd7 10. b3 O-O 11. dxe5 dxe5 12. Bb2 Bg4 13. Qe1 Qe7 14. a4 Rfd8 15.
Nc3 Nd4 16. Nd5 Nxd5 17. Bxd4 Nb4 18. Bxe5 Nxc2 19. Qc3 Nxa1 20. Bxg7 Qc5 21.
Qxa1 Rd6 22. Bb2 Rd2 23. Bc1 Rc2 24. Bxh6 Qc3 25. e5 Qxa1 26. Rxa1 Re8 27. Bf4
c6 28. Rb1 Rd8 29. Bf1 Bf3 30. Be3 c5 31. h4 Rd5 32. Bf4 Kg7 33. Bc4 Rd8 34. Re1
Rd1 35. Rxd1 Bxd1 36. e6 fxe6 37. Bxe6 Bf3 38. g4 Re2 39. Bf5 Re1+ 40. Kh2 Rh1+
41. Kg3 Bd5 42. Bc7 Rg1+ 43. Kf4 Rg2 44. Bxb6 Rxf2+ 45. Kg5 Bxb3 46. Bxc5 Rd2
47. a5 Rd5 48. Bb6 Bc2 49. h5 Bd1 50. Kf4 Kf6 51. g5+ Kf7 52. h6 Bh5 53. Bb1 Rd1
54. Ba2+ Kg6 55. Bc4 Rd2 56. Be6 Rd1 57. Bf5+ Kf7 58. h7 Kg7 59. Kg3 Rd6 60. Bc7
Rd5 61. Kf4 Rd4+ 62. Ke5 Rc4 63. Bd6 Rc6 64. Ke6 Bg4 65. Bxg4 Kxh7 66. Bf5+ Kg7
67. Ke7 Ra6 68. Bc7 Rc6 69. Be5+ Kg8 70. g6 b6 71. a6 Rxg6 72. Bxg6 b5 73. a7
b4 74. a8=R# 1-0

[Event "POLFINALY MISTRZOSTW POLSKI JUNIOROW 2021 D-15"]
[Site "Jatrzebia Gora"]
[Date "1899-12-30"]
[Round "2.3"]
[White "Reszka, Barbara"]
[Black "Lach, Alicja"]
[Result "0-1"]
[WhiteTitle "II+"]
[BlackTitle "II+"]
[WhiteElo "1094"]
[BlackElo "1319"]

1. e4 c5 2. Nf3 Nc6 3. Bb5 g6 4. O-O Bg7 5. Re1 d6 6. Bxc6+ bxc6 7. h3 e6 8. d3
Ne7 9. e5 d5 10. Nc3 O-O 11. Na4 Qa5 12. Nc3 d4 13. Ne4 Nd5 14. g4 f5 15. Ng3
fxg4 16. Ng5 gxh3 17. Nxh3 Qc7 18. f4 Bh6 19. Qg4 Qf7 20. Rf1 Bd7 21. Qh4 Kg7
22. Ng5 Qe7 23. N3e4 Rf5 24. Nd6 Raf8 25. Nxf5+ Rxf5 26. Rf2 Nxf4 27. Bxf4 Bxg5
28. Qh2 Bxf4 29. Rxf4 Qg5+ 30. Kh1 Rxf4 31. Rg1 Qxe5 32. a3 Qd5+ 33. Rg2 Rf1+
34. Qg1 Qh5+ 35. Rh2 Rxg1+ 36. Kxg1 Qd1+ 0-1

[Event "POLFINALY MISTRZOSTW POLSKI JUNIOROW 2021 D-15"]
[Site "Jatrzebia Gora"]
[Date "1899-12-30"]
[Round "2.4"]
[White "Kaznowska, Kinga"]
[Black "Pieczewska, Jadwiga"]
[Result "0-1"]
[WhiteTitle "I"]
[BlackTitle "II+"]
[WhiteElo "1251"]
[BlackElo "1185"]

1. e4 e6 2. d4 d5 3. e5 c5 4. c3 Nc6 5. Be3 Qb6 6. Qd2 c4 7. Nf3 Nge7 8. g3 Bd7
9. Bg2 O-O-O 10. O-O h6 11. Qc2 Kb8 12. Nbd2 Rc8 13. Rab1 Qa6 14. b3 cxb3 15.
Qxb3 Na5 16. Qb2 Rc7 17. Rfc1 Nc8 18. Bf1 Qc6 19. c4 Nb6 20. c5 Nbc4 21. Nxc4
Nxc4 22. Bxc4 dxc4 23. Nd2 Qd5 24. Qc2 Bc6 25. f3 g5 26. Qxc4 Qd8 27. Kf2 Qe7
28. f4 g4 29. Qe2 h5 30. Qd3 h4 31. Rg1 hxg3+ 32. hxg3 f6 33. exf6 Qxf6 34. Ne4
Qf5 35. d5 exd5 36. Bd4 Rh2+ 37. Rg2 Rxg2+ 38. Kxg2 dxe4 39. Qe3 Rh7 40. Rh1 Rxh1
41. Kxh1 Bb5 42. Kg1 Kc7 43. c6 Kxc6 44. Bxa7 Bc5 45. Bxc5 Qxc5 46. Qxc5+ Kxc5
47. Kf2 Kd4 48. a3 e3+ 49. Ke1 Ke4 50. Kd1 Kf3 51. Ke1 Kxg3 52. f5 Bc4 53. Kd1
Kf2 54. f6 e2+ 55. Kd2 e1=Q+ 56. Kc2 Ke3 57. Kb2 Qe2+ 58. Kb1 Qd1+ 59. Kb2 Kd2
60. a4 Qb3+ 61. Ka1 Qa2# 0-1

[Event "POLFINALY MISTRZOSTW POLSKI JUNIOROW 2021 D-15"]
[Site "Jatrzebia Gora"]
[Date "1899-12-30"]
[Round "2.5"]
[White "Bauer, Marika"]
[Black "Jureczko, Anna"]
[Result "0-1"]
[WhiteTitle "II"]
[BlackTitle "II+"]
[WhiteElo "1226"]
[BlackElo "1162"]

1. e4 d5 2. exd5 Qxd5 3. Nc3 Qa5 4. d4 c6 5. Nf3 Bf5 6. Bd3 Bxd3 7. Qxd3 e6 8.
a3 Bd6 9. Bd2 Qc7 10. Ne4 Be7 11. Ne5 Nd7 12. Bf4 Qd8 13. Qg3 g6 14. c3 Ngf6 15.
Ng5 Nxe5 16. dxe5 Nh5 17. Rd1 Nxg3 18. Rxd8+ Rxd8 19. hxg3 Bxg5 20. Bxg5 Rd5 21.
Bf6 Rg8 22. Rxh7 Rb5 23. b4 Rd5 24. g4 Rd3 25. Rh3 Rxh3 26. gxh3 Kd7 27. Kd2 Rc8
28. Bg5 a6 29. Be3 Kc7 30. Bd4 Rh8 31. Be3 Rxh3 32. f4 Rh2+ 33. Kd1 Rh1+ 34. Kc2
Rh2+ 35. Bd2 Kb6 36. a4 a5 37. Kd3 axb4 38. cxb4 Rh3+ 39. Kc4 Kc7 40. g5 Rh2 41.
Kd3 Rh3+ 42. Kc4 Ra3 43. a5 Ra2 44. Kd3 b6 45. Bc3 bxa5 46. bxa5 Ra4 47. Bd2 Kb7
48. Kc2 Ka6 49. Kb3 Rxa5 50. Bxa5 Kxa5 51. Kc4 Kb6 52. Kb4 c5+ 53. Kc4 Kc6 54.
Kc3 Kd5 55. Kd3 c4+ 56. Kc3 Ke4 57. Kxc4 Kxf4 58. Kd4 Kxg5 59. Ke4 Kg4 60. Ke3
g5 61. Ke4 Kg3 62. Ke3 g4 63. Ke2 Kg2 64. Ke1 Kh2 65. Kf2 g3+ 66. Ke3 g2 67. Kf4
g1=Q 68. Ke4 Qg4+ 69. Ke3 Qf5 70. Kd4 f6 71. exf6 Qxf6+ 72. Ke4 Qf5+ 73. Ke3 Qg4
74. Kf2 Qg3+ 75. Kf1 Qg2+ 76. Ke1 Kg3 77. Kd1 Kf3 78. Kc1 Ke3 79. Kb1 Kd3 80.
Ka1 Kc3 81. Kb1 Qb2# 0-1

[Event "POLFINALY MISTRZOSTW POLSKI JUNIOROW 2021 D-15"]
[Site "Jatrzebia Gora"]
[Date "1899-12-30"]
[Round "2.6"]
[White "Olszewska, Wiktoria"]
[Black "Zybrant, Sandra"]
[Result "1-0"]
[WhiteTitle "I"]
[BlackTitle "I"]
[WhiteElo "1334"]
[BlackElo "1239"]

1. e4 e5 2. Bc4 Nf6 3. d3 Bc5 4. f4 exf4 5. Bxf4 d5 6. exd5 Nxd5 7. Bxd5 Qxd5 8.
Qe2+ Be6 9. Nc3 Qc6 10. Nf3 O-O 11. O-O-O Bd6 12. Bxd6 Qxd6 13. Nb5 Qf4+ 14. Qd2
Qxd2+ 15. Rxd2 Na6 16. Nfd4 Bd7 17. Nc3 c6 18. Re1 Rfe8 19. Rde2 Kf8 20. Ne4 c5
21. Nb3 b6 22. Ng5 Rxe2 23. Rxe2 h6 24. Ne4 Re8 25. Rf2 Re6 26. Nbd2 Nb4 27. a3
Nc6 28. Nc4 Ke7 29. Kd2 g6 30. Ne3 f5 31. Nd5+ Kd8 32. Ng3 Ne7 33. Nc3 Bc6 34.
Nge2 Kd7 35. Nf4 Rf6 36. g3 Kd6 37. Re2 g5 38. Ng2 Bxg2 39. Rxg2 a6 40. Rf2 b5
41. Ne4+ Ke6 42. Nxf6 Kxf6 43. c3 Nd5 44. b4 cxb4 45. axb4 Nb6 46. Ke3 Nd5+ 47.
Kd4 1-0

[Event "POLFINALY MISTRZOSTW POLSKI JUNIOROW 2021 D-15"]
[Site "Jatrzebia Gora"]
[Date "1899-12-30"]
[Round "2.8"]
[White "Biniak, Zuzanna"]
[Black "Markowska, Kalina"]
[Result "1-0"]
[WhiteTitle "I"]
[BlackTitle "II"]
[WhiteElo "1313"]
[BlackElo "1028"]

1. e4 c5 2. Nf3 Nc6 3. c3 d5 4. e5 Bg4 5. Bb5 a6 6. Bxc6+ bxc6 7. O-O e6 8. Qa4
Bf5 9. Qxc6+ Ke7 10. Qxc5+ Ke8 11. Qc6+ Ke7 12. Nd4 Bd3 13. Re1 Rc8 14. Qb7+ Qd7
15. Qxd7+ Kxd7 16. b4 Be7 17. Na3 Nh6 18. Nac2 Rb8 19. a4 Rhc8 20. Ne3 Bf8 21.
Nd1 Rb7 22. Nb2 Bg6 23. a5 Be7 24. Na4 Rcb8 25. Nb3 Kd8 26. Nbc5 Ra7 27. d3 Kc7
28. Be3 Raa8 29. Nb6 Ra7 30. Nca4 Rab7 31. Bc5 Bxc5 32. Nxc5 Ra7 33. c4 d4 34.
Ne4 Nf5 35. Ra3 Ne7 36. b5 axb5 37. cxb5 Kd8 38. Ra4 Ke8 39. Nd6+ Kf8 40. Rxd4
Rxa5 41. Nd7+ 1-0

[Event "POLFINALY MISTRZOSTW POLSKI JUNIOROW 2021 D-15"]
[Site "Jatrzebia Gora"]
[Date "1899-12-30"]
[Round "2.9"]
[White "Gac-mytych, Sara"]
[Black "Zalewska, Malgorzata"]
[Result "0-1"]
[WhiteTitle "II"]
[BlackTitle "I"]
[WhiteElo "1184"]
[BlackElo "1296"]

1. e4 e6 2. d4 d5 3. Nd2 c5 4. Ngf3 Nc6 5. Bb5 Qb6 6. Bxc6+ bxc6 7. c3 Ba6 8. Qb3
Qa5 9. Qc2 Nf6 10. exd5 cxd5 11. Nb3 Qb6 12. Be3 Ne4 13. Nfd2 Nxd2 14. dxc5 Nf3+
15. gxf3 Qc7 16. Qd2 Bc4 17. Qd4 e5 18. Qd1 Rb8 19. h3 a5 20. Nd2 Qc6 21. b3 Ba6
22. Rg1 Qe6 23. Nf1 g6 24. b4 axb4 25. Qa4+ Bb5 26. Qxb4 Bg7 27. a4 d4 28. Bd2
Qxh3 29. axb5 Qxf3 30. cxd4 exd4 31. Rg3 Qh5 32. b6 O-O 33. Bf4 Rbe8+ 34. Be3
dxe3 35. Rxe3 Bxa1 36. c6 Rxe3+ 37. Nxe3 Qe5 38. c7 Bc3+ 39. Kd1 Bxb4 40. Nc2
Ba5 41. b7 Bxc7 0-1

[Event "POLFINALY MISTRZOSTW POLSKI JUNIOROW 2021 D-15"]
[Site "Jatrzebia Gora"]
[Date "1899-12-30"]
[Round "3.1"]
[White "Kicinska, Magdalena"]
[Black "Lach, Alicja"]
[Result "1/2-1/2"]
[WhiteTitle "I+"]
[BlackTitle "II+"]
[WhiteElo "1362"]
[BlackElo "1319"]

1. d4 d5 2. Nf3 Nf6 3. Bg5 Bf5 4. Nbd2 c6 5. e3 e6 6. Be2 Nbd7 7. O-O Be7 8. c3
h6 9. Bh4 O-O 10. b4 b5 11. a4 a6 12. a5 Ne4 13. Bxe7 Qxe7 14. Nxe4 Bxe4 15. Nd2
Nf6 16. Nb3 Bf5 17. Nc5 Ne4 18. Nxe4 Bxe4 19. Bd3 f5 20. f3 Bxd3 21. Qxd3 Rf6
22. e4 fxe4 23. fxe4 Raf8 24. e5 Rf5 25. Rxf5 Rxf5 26. Rf1 g6 27. Rxf5 gxf5 28.
Qg3+ Qg5 29. Kf2 Kf7 30. Qxg5 hxg5 31. Kf3 Kg6 32. g4 f4 33. h3 Kh6 1/2-1/2

[Event "POLFINALY MISTRZOSTW POLSKI JUNIOROW 2021 D-15"]
[Site "Jatrzebia Gora"]
[Date "1899-12-30"]
[Round "3.2"]
[White "Pieczewska, Jadwiga"]
[Black "Bialek, Alicja"]
[Result "1/2-1/2"]
[WhiteTitle "II+"]
[BlackTitle "I"]
[WhiteElo "1185"]
[BlackElo "1350"]

1. c4 b6 2. Nc3 Bb7 3. Nf3 e6 4. g3 Bxf3 5. exf3 c5 6. Bg2 Nc6 7. O-O Nf6 8. d3
Be7 9. Be3 Rc8 10. b3 d5 11. cxd5 exd5 12. d4 O-O 13. f4 Re8 14. dxc5 Nb4 15.
a3 bxc5 16. axb4 d4 17. Bxd4 cxd4 18. Nb5 Bxb4 19. Nxd4 Bc5 20. Nb5 Qb6 21. Na3
Rcd8 22. Qc2 Rb8 23. Rfb1 Ng4 24. Rf1 Rec8 25. Nc4 Bxf2+ 26. Rxf2 Qd4 27. Ra3
Rc7 28. h3 Nxf2 29. Qxf2 Qd1+ 30. Qf1 Qd4+ 31. Qf2 Qd1+ 32. Qf1 Qd4+ 33. Qf2 1/2-1/2

[Event "POLFINALY MISTRZOSTW POLSKI JUNIOROW 2021 D-15"]
[Site "Jatrzebia Gora"]
[Date "1899-12-30"]
[Round "3.3"]
[White "Jureczko, Anna"]
[Black "Kaznowska, Kinga"]
[Result "0-1"]
[WhiteTitle "II+"]
[BlackTitle "I"]
[WhiteElo "1162"]
[BlackElo "1251"]

1. e4 e5 2. Nf3 Nc6 3. Bc4 Bc5 4. c3 Nf6 5. d4 exd4 6. cxd4 Bb4+ 7. Bd2 Bxd2+ 8.
Nbxd2 d5 9. exd5 Nxd5 10. Nb3 Nb6 11. Bb5 Qe7+ 12. Qe2 Qxe2+ 13. Bxe2 O-O 14.
O-O a6 15. h3 Rb8 16. Rac1 Rd8 17. Bxa6 Nb4 18. Be2 Re8 19. Rfe1 c6 20. a3 N4d5
21. Bd3 Be6 22. Nc5 Nf4 23. Bb1 h6 24. Nxe6 Nxe6 25. Bf5 Nc7 26. Kf1 g6 27. Bd3
Ncd5 28. g3 Kf8 29. Bc4 Rxe1+ 30. Kxe1 Nxc4 31. Rxc4 Re8+ 32. Kd2 Re7 33. Rc1
Nf6 34. Re1 Ne4+ 35. Kc2 Nxf2 36. Rxe7 Kxe7 37. Ng1 Ke6 38. Kc1 Kd5 39. h4 Kxd4
40. Nf3+ Ke4 41. Nd2+ Kf5 42. Nc4 Ne4 43. Ne3+ Ke5 44. Ng4+ Ke6 45. Nxh6 Nxg3
46. Ng4 Nf5 47. Kc2 Nxh4 48. Kd3 f5 49. Ne3 g5 0-1

[Event "POLFINALY MISTRZOSTW POLSKI JUNIOROW 2021 D-15"]
[Site "Jatrzebia Gora"]
[Date "1899-12-30"]
[Round "3.4"]
[White "Samol, Julia"]
[Black "Olszewska, Wiktoria"]
[Result "1/2-1/2"]
[WhiteTitle "I"]
[BlackTitle "I"]
[WhiteElo "1206"]
[BlackElo "1334"]

1. e4 c6 2. d4 d5 3. exd5 cxd5 4. c4 Nf6 5. Nc3 Bf5 6. Nf3 Nc6 7. Bf4 a6 8. Be2
e6 9. O-O Be7 10. Rc1 O-O 11. Re1 Rc8 12. b3 Qd7 13. c5 Bd8 14. Na4 Bc7 15. Bxc7
Qxc7 16. Nh4 Ne7 17. Nb6 Rcd8 18. Rf1 Nd7 19. Nxd7 Qxd7 20. Re1 h6 21. Nxf5 Nxf5
22. Bg4 Ne7 23. Re2 Rb8 24. Qe1 Qc7 25. Qd2 b6 26. Re3 bxc5 27. dxc5 Nc6 28. Be2
a5 29. Rg3 Kh8 30. Rh3 Kg8 1/2-1/2

[Event "POLFINALY MISTRZOSTW POLSKI JUNIOROW 2021 D-15"]
[Site "Jatrzebia Gora"]
[Date "1899-12-30"]
[Round "3.5"]
[White "Wiecek, Karolina"]
[Black "Biniak, Zuzanna"]
[Result "1/2-1/2"]
[WhiteTitle "I"]
[BlackTitle "I"]
[WhiteElo "1203"]
[BlackElo "1313"]

1. d4 d6 2. c4 g6 3. Nc3 Bg7 4. Bf4 Nf6 5. Nf3 O-O 6. e3 Nbd7 7. Bd3 c5 8. h3 a6
9. O-O Re8 10. d5 Nh5 11. Qc2 Nxf4 12. exf4 Nf6 13. f5 Bxf5 14. Bxf5 gxf5 15.
Qxf5 Qd7 16. Qg5 h6 17. Qd2 b5 18. b3 b4 19. Na4 Qc7 20. Rad1 Nd7 21. Rfe1 Nf8
22. Nh4 Ng6 23. Nf5 Kh7 24. Nxg7 Kxg7 25. Re3 Rh8 26. Rde1 Rag8 27. Nb2 Kh7 28.
Nd3 Qd7 29. Kh1 a5 30. R1e2 Ra8 31. f4 f6 32. Re6 Kg7 33. f5 Ne5 34. Nxe5 dxe5
35. Qe3 Kf7 36. Qxc5 Rhc8 37. Qe3 Rh8 38. Rd2 Qa7 39. Qxa7 Rxa7 40. d6 Rd7 41.
Rd5 Ra8 42. dxe7 Rxe7 43. Rb6 e4 44. Kg1 e3 45. Rd1 e2 46. Re1 Re5 47. g4 Rae8
48. Rb7+ Kg8 49. Rd7 Re3 50. Kg2 Rc3 51. Rd2 Rce3 52. Kf2 Rxh3 53. Rdxe2 Rh2+
54. Kf3 Rh3+ 55. Kg2 Rxe2+ 56. Rxe2 Rc3 57. c5 Rxc5 58. Kf3 Kf7 59. Kf4 a4 60.
Ke4 1/2-1/2

[Event "POLFINALY MISTRZOSTW POLSKI JUNIOROW 2021 D-15"]
[Site "Jatrzebia Gora"]
[Date "1899-12-30"]
[Round "3.6"]
[White "Zalewska, Malgorzata"]
[Black "Grembocka, Zuzanna"]
[Result "1-0"]
[WhiteTitle "I"]
[BlackTitle "II+"]
[WhiteElo "1296"]
[BlackElo "1186"]

1. e4 e6 2. Nf3 d5 3. e5 c5 4. b4 cxb4 5. a3 Nc6 6. d4 Qb6 7. axb4 Bxb4+ 8. c3
Be7 9. Bd3 f6 10. Ba3 Qc7 11. Qe2 Bd7 12. Bxe7 Ngxe7 13. Na3 fxe5 14. dxe5 Nd4
15. cxd4 Qc3+ 16. Qd2 Qxa1+ 17. Nb1 Qa4 18. O-O Rc8 19. Qg5 Ng6 20. Bxg6+ hxg6
21. Qxg6+ Kd8 22. Qxg7 Kc7 23. Nc3 Qc6 24. Ne2 Kb8 25. h3 Rcg8 26. Qf7 Be8 27.
Qf6 Bh5 28. Ng3 Qe8 29. Rb1 Bg6 30. Rb3 Be4 31. Nd2 Bc2 32. Rb2 Qa4 33. Kh2 Qc6
34. Qe7 Rh7 35. Qf6 Qc3 36. Qxe6 Rxg3 37. Qd6+ Rc7 38. Qd8+ Rc8 39. Qd6+ Ka8 40.
Qd7 Rg7 41. Qxg7 Qxb2 42. Qd7 Qc3 43. e6 Qc7+ 44. Qxc7 Rxc7 45. Nf3 a5 46. g4
a4 47. Ne5 Re7 48. f4 Rxe6 49. f5 Re8 50. f6 a3 51. Nd7 a2 52. f7 Rf8 53. Nxf8
a1=Q 54. Nd7 Qf1 55. f8=Q+ Qxf8 56. Nxf8 b5 57. Ne6 b4 58. Nc5 b3 59. Nxb3 Bxb3
60. Kg3 Kb7 61. Kf4 Kc6 62. Ke5 Bd1 63. g5 Bh5 64. h4 Bf7 65. Kf6 Bh5 66. g6 Bxg6
67. Kxg6 Kd7 68. h5 1-0

[Event "POLFINALY MISTRZOSTW POLSKI JUNIOROW 2021 D-15"]
[Site "Jatrzebia Gora"]
[Date "1899-12-30"]
[Round "3.7"]
[White "Reszka, Barbara"]
[Black "Bauer, Marika"]
[Result "1-0"]
[WhiteTitle "II+"]
[BlackTitle "II"]
[WhiteElo "1094"]
[BlackElo "1226"]

1. e4 e5 2. Nf3 Nc6 3. Bc4 Bc5 4. c3 Nf6 5. d4 exd4 6. e5 Qe7 7. O-O Ng4 8. Bg5
f6 9. exf6 gxf6 10. Re1 Nge5 11. Nxe5 Nxe5 12. f4 dxc3+ 13. Kf1 Qg7 14. Nxc3 fxg5
15. Rxe5+ Be7 16. Nd5 gxf4 17. Rxe7+ Qxe7 18. Nxe7 Kxe7 19. Qe2+ Kd8 20. Re1 c6
21. Qe7+ Kc7 22. Qe5+ Kb6 23. Qxh8 d5 24. Qd4+ Kc7 25. Qxf4+ Kb6 26. Bd3 Bd7 27.
Qb4+ Kc7 28. Re7 Rf8+ 29. Kg1 a6 30. Rxd7+ Kxd7 31. Qxf8 Kc7 32. a4 h5 33. a5
h4 34. Qe7+ Kb8 35. Bf5 h3 36. gxh3 d4 37. Qd6+ Ka7 38. Qc7 d3 39. Bc8 d2 40.
Qxb7# 1-0

[Event "POLFINALY MISTRZOSTW POLSKI JUNIOROW 2021 D-15"]
[Site "Jatrzebia Gora"]
[Date "1899-12-30"]
[Round "3.9"]
[White "Romejko, Jagoda"]
[Black "Zybrant, Sandra"]
[Result "1-0"]
[WhiteTitle "I"]
[BlackTitle "I"]
[WhiteElo "1341"]
[BlackElo "1239"]

1. e4 e5 2. Nf3 Nf6 3. Nxe5 d6 4. Nf3 Nxe4 5. d3 Nf6 6. g3 Be7 7. Bg2 c6 8. O-O
O-O 9. Re1 Re8 10. Nc3 h6 11. Bf4 Bf5 12. Qd2 Nbd7 13. Rad1 Nf8 14. d4 Ng6 15.
Be3 d5 16. Ne5 Nxe5 17. dxe5 Ng4 18. Bf4 g5 19. h3 gxf4 20. hxg4 Bxg4 21. f3 Bc5+
22. Kf1 Be3 23. Rxe3 fxe3 24. Qxe3 Bf5 25. Rd4 Qg5 26. f4 Qg6 27. Nd1 Bxc2 28.
Nf2 f6 29. Bh3 f5 30. g4 Rf8 31. Qd2 fxg4 32. Nxg4 Bf5 33. Qg2 Bxg4 34. Bxg4 Kh7
35. Qh3 Qb1+ 36. Ke2 Qxb2+ 37. Ke3 Qc3+ 38. Rd3 Qe1+ 39. Be2 Qg1+ 40. Kd2 Rxf4
41. Rg3 Rd4+ 42. Kc2 Qxg3 43. Qxg3 Rg8 44. Bd3+ Rxd3 45. Qxd3+ Rg6 46. e6 Kg7
47. Qf5 Rg2+ 48. Kb3 Rg3+ 49. Kb4 c5+ 50. Kxc5 b6+ 51. Kd6 1-0

[Event "POLFINALY MISTRZOSTW POLSKI JUNIOROW 2021 D-15"]
[Site "Jatrzebia Gora"]
[Date "1899-12-30"]
[Round "4.1"]
[White "Bialek, Alicja"]
[Black "Kicinska, Magdalena"]
[Result "0-1"]
[WhiteTitle "I"]
[BlackTitle "I+"]
[WhiteElo "1350"]
[BlackElo "1362"]

1. e4 c6 2. d4 d5 3. Nc3 dxe4 4. Nxe4 Bf5 5. Ng3 Bg6 6. Nh3 h6 7. Nf4 Bh7 8. Bc4
Nf6 9. O-O e6 10. Re1 Nbd7 11. Bxe6 fxe6 12. Nxe6 Qa5 13. Nc7+ Kf7 14. Nxa8 Bd6
15. Qe2 Re8 16. Qc4+ Kf8 17. Rxe8+ Nxe8 18. c3 Qd8 19. Qe6 Ndf6 20. Nf5 Bxf5 21.
Qxf5 Qxa8 22. Bd2 Qb8 23. h3 Qc7 24. Re1 Qf7 25. Qa5 b6 26. Qa4 c5 27. Be3 Ne4
28. Qc6 Qf5 29. dxc5 bxc5 30. Qb7 a5 31. Qb5 N8f6 32. c4 Qe5 33. Qxa5 Qxb2 34.
f3 Qc3 35. Qd8+ Kf7 36. Kf1 Qd3+ 37. Re2 Ng3+ 38. Kg1 Nxe2+ 39. Kh1 Qd1+ 40. Bg1
Qxg1# 0-1